000
00210 a2200097 4500
001
47315
100
_a
barclay B
245
_a
On their shoulders
260
_a
London
_b
Faber & Faber
_c
090
_c
30352
_d
30352
942
_a
NUST-CAE
_c
M
_c
22617
999
_c
282388
_d
282388